[Event "Pan American-ch Seniors 50"]
[Site "Lima"]
[Date "2023.04.28"]
[Round "4"]
[White "Riquelme, Andres"]
[Black "Quijada Carvajal, Leonardo Gustavo"]
[Result "0-1"]
[WhiteElo "1657"]
[BlackElo "2024"]
[PlyCount "62"]
[EventDate "2023.04.26"]
[EventType "swiss"]
[EventRounds "9"]
[EventCountry "PER"]
[SourceTitle "CBM 214 Extra"]
[Source "ChessBase"]
[SourceDate "2023.07.31"]
[SourceVersion "1"]
[SourceVersionDate "2023.07.31"]
[SourceQuality "1"]

1. b4 Nf6 2. Bb2 g6 3. Nf3 Bg7 4. e3 0-0 5. c4 Re8 6. Be2 d5 7. 0-0 c6 8. d3 Nbd7 9. Nbd2 e5 10. Qb3 Qe7 11. a4 e4 12. dxe4 dxe4 13. Nd4 c5 14. bxc5 Nxc5 15. Qc2 Bg4 16. Ba3 Qe5 17. Bxc5 Bxe2 18. Nxe2 Qxc5 19. Rab1 b6 20. Rb5 Qc7 21. Ng3 Qc6 22. Nb3 Rac8 23. Rc1 Bf8 24. h4 Ba3 25. Ra1 Bd6 26. Rc1 Bxg3 27. fxg3 Ng4 28. Qe2 h5 29. a5 Red8 30. Rc3 Qxb5 31. cxb5 Rxc3 0-1

[Event "Calvia Amateur op 19th"]
[Site "Calvia"]
[Date "2022.10.13"]
[Round "6"]
[White "Martinez Pla, Xavier"]
[Black "Quijada Carvajal, Leonardo Gustavo"]
[Result "1/2-1/2"]
[WhiteElo "2292"]
[BlackElo "1984"]
[PlyCount "35"]
[EventDate "2022.10.08"]
[EventType "swiss"]
[EventRounds "9"]
[EventCountry "ESP"]
[SourceTitle "CBM 210 Extra"]
[Source "ChessBase"]
[SourceDate "2022.11.30"]
[SourceVersion "1"]
[SourceVersionDate "2022.11.30"]
[SourceQuality "1"]

1. e4 c6 2. d4 d5 3. e5 c5 4. dxc5 e6 5. a3 Nc6 6. Nf3 Qc7 7. b4 a5 8. Nc3 axb4 9. Nb5 Qa5 10. Nd6+ Bxd6 11. cxd6 bxa3+ 12. Bd2 Qc5 13. Bd3 f6 14. Qe2 fxe5 15. Nxe5 Nf6 16. d7+ Bxd7 17. Nxd7 Kxd7 18. 0-0 1/2-1/2